[Event "Schachklub Münster 32 e. V. 4 - SK Met"]
[Site "Regionalliga, Gr. 1 2022/2023"]
[Date "2022.09.24"]
[Round "2.7"]
[White "Buijnsters, Floris"]
[Black "Redemann, Rolf"]
[Result "1/2-1/2"]
[WhiteElo "1755"]
[BlackElo "1451"]
[PlyCount "93"]
[EventDate "2022.??.??"]
[SourceTitle "Verband Muensterland"]
[SourceDate "2022.09.15"]
[SourceVersion "1"]
[SourceVersionDate "2022.09.15"]
[SourceQuality "1"]
[WhiteTeam "SK Metelen 1"]
[BlackTeam "Schachklub Münster 32 e. V. 4"]

1. e4 e5 2. Nf3 Nc6 3. Bb5 Nf6 4. O-O d6 5. Re1 Be7 6. c3 O-O 7. h3 Be6 8. d3
h6 9. Nbd2 a6 10. Ba4 b5 11. Bc2 Na5 12. Nf1 c5 13. d4 Qc7 14. d5 Bd7 15. b3
Rfe8 16. Ne3 c4 17. b4 Nb7 18. a4 Bf8 19. Nf1 Red8 20. Ng3 Rdc8 21. Be3 Qd8 22.
Qb1 Rcb8 23. axb5 axb5 24. Qb2 Rxa1 25. Rxa1 Ra8 26. Ra3 Qb8 27. Qa1 Rxa3 28.
Qxa3 Bc8 29. Kh2 g6 30. Nd2 Kh7 31. Ne2 Ne8 32. Ng3 Nc7 33. f3 Qa8 34. Qxa8
Nxa8 35. Ne2 Nc7 36. g3 Ne8 37. f4 f6 38. g4 g5 39. fxe5 fxe5 40. Ng3 Kg6 41.
Nf5 Nd8 42. Nf3 Nf7 43. Kg3 h5 44. h4 hxg4 45. Nxg5 Nf6 46. Nxf7 Kxf7 47. Bg5
1/2-1/2

[Event "Schachklub Münster 32 e. V. 4 - SK Met"]
[Site "Regionalliga, Gr. 1 2022/2023"]
[Date "2022.09.24"]
[Round "2.8"]
[White "Stremmer, Hans Dieter"]
[Black "Focke, Robert"]
[Result "1-0"]
[WhiteElo "1700"]
[BlackElo "1556"]
[PlyCount "89"]
[EventDate "2022.??.??"]
[SourceTitle "Verband Muensterland"]
[SourceDate "2022.09.15"]
[SourceVersion "1"]
[SourceVersionDate "2022.09.15"]
[SourceQuality "1"]
[WhiteTeam "Schachklub Münster 32 e. V. 4"]
[BlackTeam "SK Metelen 1"]

1. d4 d5 2. c4 e6 3. cxd5 exd5 4. Nc3 Nf6 5. Bg5 Be7 6. e3 c6 7. Nf3 Nbd7 8.
Be2 O-O 9. O-O Ne4 10. Bxe7 Qxe7 11. Rc1 f5 12. g3 Ndf6 13. Ne5 Qd6 14. a3 b5
15. Nxe4 fxe4 16. Rxc6 Qb8 17. Qb3 a6 18. Rfc1 Qb7 19. Qc3 Bh3 20. Bf1 Bg4 21.
Qc5 Rac8 22. Qd6 Rcd8 23. Qc7 Bc8 24. Qa5 Ng4 25. Rc7 Qa8 26. Re7 Nxe5 27. Rxe5
Bg4 28. Rc7 Rd7 29. Rxd7 Bxd7 30. Qc7 Qc6 31. Qxc6 Bxc6 32. Re6 Rf6 33. Bh3 Kf7
34. Rxf6+ Kxf6 35. b4 Bb7 36. Bd7 h5 37. h4 Ke7 38. Bh3 Kf6 39. Kf1 g5 40.
hxg5+ Kxg5 41. Bd7 Kf6 42. Kg2 Kg5 43. Kh3 Kf6 44. Kh4 Ke7 45. Bh3 1-0